| 000 | 00339nam a2200097Ia 4500 | ||
|---|---|---|---|
| 008 | 220120s9999||||xx |||||||||||||| ||und|| | ||
| 100 |
_aJangama Maheswara Reddy _912127 |
||
| 245 | 0 | _aAutomatic irrigation system using 89c52 microcontroller | |
| 260 |
_aCoorg Institute of Technology _bPonnampet _c2008 |
||
| 650 | _aELECTRONICS AND COMMUNICATIONS | ||
| 999 |
_c137712 _d137712 |
||